Problems and solutions in engineering mechanics / (Record no. 10844)

MARC details
000 -LEADER
fixed length control field 01110nam a2200181 a 4500
020 ## - INTERNATIONAL STANDARD BOOK NUMBER
ISBN 8122416012 (paperback)
020 ## - INTERNATIONAL STANDARD BOOK NUMBER
ISBN 9788122416015 (paperback)
100 1# - MAIN ENTRY--AUTHOR NAME
Personal name Bhavikatti, S. S.
245 10 - TITLE STATEMENT
Title Problems and solutions in engineering mechanics /
260 ## - PUBLICATION, DISTRIBUTION, ETC. (IMPRINT)
Place of publication [S.l.] :
Name of publisher New Age International Pvt Ltd Publishers,
Year of publication 2009.
300 ## - PHYSICAL DESCRIPTION
Number of Pages 208 p. ;
520 ## - SUMMARY, ETC.
Summary, etc Each chapter begins with a quick discussion of the basic concepts and principles. It then provides several well developed solved examples which illustrate the various dimensions of the concept under discussion. A set of practice problems is also included to encourage the student to test his mastery over the subject. The book would serve as an excellent text for both Degree and Diploma students of all engineering disciplines. AMIE candidates would also find it most useful.
700 1# - ADDED ENTRY--PERSONAL NAME
Personal name Hegde, A. Vittal.
856 40 - ELECTRONIC LOCATION AND ACCESS
Uniform Resource Identifier http://www.amazon.com/exec/obidos/ASIN/8122416012/chopaconline-20
Holdings
Withdrawn status Lost status Collection code Home library Current library Date acquired Cost, normal purchase price Full call number Accession Number Koha item type
    Reference Central Library, QUEST, Nawabshah Central Library, QUEST, Nawabshah 13/10/2014 222.00 621.815BHA 30329 Books
    Reference Reference Section HEC Digital Library 13/10/2014 222.00 621.815BHA (Shelf - 66E) 30330 Books